zpět

Detail výsledku týmu

Bar U Souseda, Plzeň

Datum a čas kvízu

41.5 Celkem bodů Celkový počet nahraných bodů na tomto kvízu bez doplňovacích otázek.
3. Pořadí na kvízu Konečné umístění týmu na tomto kvízu.

Zaznamenané odpovědi

# Otázka Odpověď Body Výsledky
1. Minulý týden se publicista a ř... kvůli alkoholu 1
2. Mladý chirurg z Tchaj-peje si... C) vasektomii (sterilizaci) 1
3. Ministerstvo kultury učinilo d... C) česká pivní kultura 0
4. Jak se nazývá zvířecí znamení... had 1
5. Minulý týden proběhl v estonsk... v krasobruslení 0
6. Začneme největšími společnými... Poupata, Michal David 1
7. Tento taneční fitness program... zumba 1
8. Tato cvičební metoda se snaží... Pilates 1
9. Bikram jóga je speciální druh... C) cvičí se v sále vyhřátém na 42 °C 1
10. Jak se jmenuje tato 55letá žen... Olga Studničková (Šípková) 1